| 000 | 01318cam a22002174a 4500 | ||
|---|---|---|---|
| 005 | 20250605163949.0 | ||
| 008 | 250528s ||||||||||||||||||||||||d | ||
| 035 | _a15322 | ||
| 020 | _a132072599 | ||
| 040 |
_aGR-AtMCL _bgre _dGR-AtMCL _eAACR2 |
||
| 245 | 1 | _aOrganizational Behaviour / An Introductory Text | |
| 250 | _a3rd | ||
| 260 |
_bPrentice Hall, _c1997 |
||
| 300 | _a750 | ||
| 520 | _aThe book takes a broad social science based approach to the study of organizational behavior and management. Acknowledgements, Introduction, Natural and Social Science, The Individual in the Organization, Communication and Perception, Motivation, Learning, Personality, Groups in the Organization, Group Formation, Group Structure and Process, Group Control, Group Effectiveness, Organization Structures, Scientific Management, Bureaucracy and Roles, Classical Management Theory, Contingency Approach, Organizational Change and Development, Organizational Change, Organization Development, Corporate Culture, Technology as a Trigger of Change, Management in the Organization, Leadership and Management Style, Managing Conflict, Organizational Power and Politics, Management Control, Index. | ||
| 700 | 1 |
_aBuchanan David _91217 |
|
| 700 | 1 |
_aHuczynski Andrzej _91218 |
|
| 942 | _cBK | ||
| 999 |
_c912 _d912 |
||